000 00439nam a2200181Ia 4500
001 7882
005 20260306160528.0
008 260306t2006||||xx |||||||||||||| ||spa||
041 _aESP
082 _a363.6
_bU85
100 _aUrrunaga, Roberto
_eAUT
245 0 _aRegulación y concesiones de servicios públicos
260 _c2006
300 _a47 páginas :
_c30 cm.
650 _aGEN
654 _aCAN
942 _cLIB
_dJUS
_fJUS
_2ddc
_n
999 _c7882
_d7882